La Memoria histórica
Spremljeno u:
| Format: | Tekst |
|---|---|
| Teme: | |
| Oznake: |
Dodaj oznaku
Bez oznaka, Budi prvi tko označuje ovaj zapis!
|
MARC
| LEADER | 00000 a a2200000 04500 | ||
|---|---|---|---|
| 001 | 6688 | ||
| 003 | |||
| 040 | |||
| 245 | |a La Memoria histórica | ||
| 650 | |a GUERRA | ||
| 650 | |a CONSECUENCIAS SOCIALES | ||
| 650 | |a VIOLENCIA | ||
| 650 | |a RESPONSABILIDAD | ||
| 650 | |a RESPONSABILIDAD DE LOS ESTADOS | ||
| 773 | |g volumen 24, número 1063; páginas 15-16 | ||
| 999 | |c 33599 |d 33599 | ||
